Statistics for British Royal Family

Click here to take the quiz!

General Stats

  • This quiz has been taken 366 times
    (39 since last reset)
  • The average score is 30 of 39

Answer Stats

HintAnswer% Correct
1Mother of the KingElizabeth
100%
7Clue 1s second child, born in 1950 isAnne
97%
3King IIICharles
97%
4Clue 3 married in 1981 toDiana
97%
6In 1984 their second born isHarry
97%
2Who did she marry in 1947Philip
97%
5In 1982 their firstborn isWilliam
97%
11Clue 1s third child was born in 1960Andrew
90%
13Clue 11s first born in 1988 isBeatrice
90%
14Clue 11s second born in 1990 isEugenie
90%
12In 1986 Clue 11 marriedSarah
90%
23Clue 5s third born in 2018 isLouis
87%
10In 1981 Clue 7 second child isZara
87%
25Clue 6 first born in 2019 isArchie
83%
19Clue 3s second marriage was to whom in 2005Camilla
83%
22Clue 5s second born in 2015 isCharlotte
83%
15Clue no 1s fourth child was born in 1964Edward
83%
21Clue 5s first born in 2013 isGeorge
83%
8In 1973 Clue 7 marriedMark
83%
24Clue 6 married in 2018 toMeghan
83%
20Clue 5s married whom in 2011Catherine
80%
26Clue 6 second born in 2021 isLilibet
80%
9In 1977 her first born isPeter
80%
16Clue 15 married in 1999 toSophie
80%
31Clue 10 married in 2011 toMike
73%
27Clue 7 second marriage in 1992 toTimothy
73%
18Clue 15s second child in 2007 isJames
70%
17Clue 15s first child in 2003 isLouise
67%
28Clue 9 married in 2008 isAutumn
60%
32Clue 10s first born in 2014 isMia
60%
29Clue 9s first born in 2010 isSavannah
60%
30Clue 9s second born in 2012 isIsla
57%
38Clue 14 first born in 2021 isAugust
53%
34Clue 10s third born in 2021Lucas
53%
37Clue 14 married in 2018 toJack
50%
33Clue 10s second born in 2018 isLena
50%
36Clue 13 first born in 2021 isSienna
50%
35Clue 13 married whom in 2020Edoardo
37%
39Clue 14 second born in 2023 isErnest
37%

Score Distribution

Percentile by Number Answered

Percent of People with Each Score

Your Score History

You have not taken this quiz since the last reset